[Event "Campeonato Individual Provincial Absolut"]
[Site "Trinquet de Manises (Manises -"]
[Date "2011.10.22"]
[Round "3"]
[White "Silva Rodriguez, Fernando"]
[Black "Ribes Peris, Alvaro"]
[Result "1-0"]
[WhiteElo "2140"]
[BlackElo "2137"]
[PlyCount "95"]
[EventDate "2011.10.01"]
[EventRounds "7"]
[EventCountry "ESP"]

1. d4 d5 2. c4 Bf5 3. Nc3 e6 4. Nf3 Nc6 5. Bf4 Be7 6. e3 Nf6 7. Rc1 O-O 8. cxd5
Nxd5 9. Nxd5 Qxd5 10. a3 Bd6 11. Bg3 e5 12. dxe5 Qa5+ 13. Qd2 Qxd2+ 14. Kxd2
Be7 15. Bb5 Be4 16. Ke2 g5 17. Rhd1 Rad8 18. Nd4 Nxd4+ 19. Rxd4 Rxd4 20. exd4
c6 21. f3 Bd5 22. Bc4 Rd8 23. Ke3 h5 24. Bd3 Bf8 25. h4 g4 26. fxg4 hxg4 27.
Bf4 Bxg2 28. Rg1 Bh3 29. Be4 c5 30. d5 Bg7 31. d6 b6 32. Bc6 Kh7 33. Be4+ Kg8
34. Bd5 Re8 35. Bc6 Rb8 36. Ke4 Kh7 37. Bd5 Kg8 38. Rg3 Re8 39. Bc6 Rf8 40. Kf5
Kh7 41. Bg5 Bf1 42. d7 f6 43. Bxf6 Bxf6 44. exf6 b5 45. Ke6 Bc4+ 46. Ke7 Rf7+
47. Ke8 Rxf6 48. d8=Q 1-0

[Event "Campeonato Individual Provincial Absolut"]
[Site "Trinquet de Manises (Manises -"]
[Date "2011.10.22"]
[Round "3"]
[White "Gimeno Martos, Roberto"]
[Black "Castro Exposito, Cristobal"]
[Result "0-1"]
[WhiteElo "2148"]
[BlackElo "2099"]
[PlyCount "70"]
[EventDate "2011.10.01"]
[EventRounds "7"]
[EventCountry "ESP"]

1. e4 e6 2. d3 d5 3. Nd2 Nf6 4. Ngf3 Nc6 5. g3 dxe4 6. dxe4 Bc5 7. Bg2 e5 8.
O-O O-O 9. c3 a5 10. Qc2 Bg4 11. h3 Be6 12. Kh2 Nh5 13. Nb3 Bb6 14. Bg5 f6 15.
Rad1 Qe8 16. Be3 Bxe3 17. fxe3 g6 18. g4 Ng7 19. Rf2 Rd8 20. Bf1 Qe7 21. a4 b6
22. Bb5 Rxd1 23. Qxd1 Rd8 24. Qc2 Nb8 25. Nfd2 h5 26. gxh5 Nxh5 27. Rg2 Kf7 28.
Nf3 Rh8 29. Bf1 Qf8 30. Rf2 Qh6 31. Nxe5+ Ke7 32. Nc4 Bxc4 33. Bxc4 Nf4 34. Rf3
Nxh3 35. Qd1 Nf2+ 0-1

[Event "Campeonato Individual Provincial Absolut"]
[Site "Trinquet de Manises (Manises -"]
[Date "2011.10.22"]
[Round "3"]
[White "Martinez Lopez, Jaime"]
[Black "Capella Gimenez, Jose M"]
[Result "1/2-1/2"]
[WhiteElo "2105"]
[BlackElo "2107"]
[PlyCount "110"]
[EventDate "2011.10.01"]
[EventRounds "7"]
[EventCountry "ESP"]

1. d4 Nf6 2. Bg5 e6 3. e4 h6 4. Bxf6 Qxf6 5. Nc3 d6 6. Qd2 g5 7. h4 Bg7 8. hxg5
hxg5 9. Rxh8+ Bxh8 10. Nf3 Nc6 11. Nb5 Qe7 12. O-O-O a6 13. Nc3 g4 14. d5 gxf3
15. dxc6 fxg2 16. cxb7 Bxb7 17. Bxg2 Bxc3 18. bxc3 d5 19. Rh1 Qa3+ 20. Kd1
O-O-O 21. e5 Qxa2 22. Rh7 Rg8 23. Qf4 Qa1+ 24. Kd2 d4 25. Bxb7+ Kxb7 26. Qe4+
Kb8 27. cxd4 Rd8 28. c3 Qb2+ 29. Qc2 Qb5 30. Ke3 f5 31. Qd3 Qb2 32. Rh1 f4+ 33.
Kf3 Qb7+ 34. Qe4 Qxe4+ 35. Kxe4 c5 36. Rh6 cxd4 37. cxd4 Re8 38. Kxf4 Kc7 39.
Ke4 a5 40. f4 a4 41. Kd3 a3 42. Kc3 a2 43. Kb2 Ra8 44. Ka1 Kd7 45. f5 exf5 46.
Rf6 Ra4 47. d5 Ra5 48. e6+ Kd6 49. Rxf5 Ra8 50. Rg5 Ra7 51. Rh5 Ra8 52. Rf5 Ra3
53. Rf2 Kxd5 54. e7 Re3 55. Rd2+ Kc6 1/2-1/2

[Event "Campeonato Individual Provincial Absolut"]
[Site "Trinquet de Manises (Manises -"]
[Date "2011.10.22"]
[Round "3"]
[White "Paredes Facundo, Jose Carlos"]
[Black "Perales Arona, Joaquin"]
[Result "1-0"]
[WhiteElo "1937"]
[BlackElo "1889"]
[PlyCount "115"]
[EventDate "2011.10.01"]
[EventRounds "7"]
[EventCountry "ESP"]

1. c4 c6 2. e4 e5 3. Nf3 Qc7 4. Nc3 Nf6 5. d4 Bb4 6. Qc2 exd4 7. Nxd4 Qe5 8.
Be3 Bxc3+ 9. bxc3 Qxe4 10. Bd3 Qe5 11. Nf3 Qc7 12. Bg5 d6 13. O-O Be6 14. Rfe1
Nbd7 15. Nd4 O-O 16. Nxe6 fxe6 17. Rxe6 Nc5 18. Re3 Nxd3 19. Qxd3 Ng4 20. Rh3
h6 21. f3 Qb6+ 22. Qd4 Qxd4+ 23. cxd4 hxg5 24. fxg4 Rf4 25. Rd3 Raf8 26. h3 Rf2
27. c5 dxc5 28. dxc5 Rc2 29. Rb1 Rf7 30. Rdb3 Rxc5 31. Rxb7 Rxb7 32. Rxb7 Ra5
33. Rc7 c5 34. a4 Kh7 35. Rc6 Kg8 36. Rc7 Kh7 37. Rc6 Rxa4 38. Rxc5 Kg6 39.
Rc6+ Kf7 40. Rc7+ Kf6 41. Kf2 a5 42. Rc5 Ra3 43. Rf5+ Kg6 44. Ke2 a4 45. Kf2
Rb3 46. Ra5 Ra3 47. g3 Ra2+ 48. Kf3 a3 49. h4 gxh4 50. gxh4 Ra1 51. Kg2 a2 52.
Ra6+ Kf7 53. h5 Ke7 54. g5 Kf7 55. g6+ Ke7 56. Kh2 Kf8 57. Ra8+ Ke7 58. h6 1-0

[Event "Campeonato Individual Provincial Absolut"]
[Site "Trinquet de Manises (Manises -"]
[Date "2011.10.22"]
[Round "3"]
[White "Aparisi Arnandis, Bernardo"]
[Black "Sanchez Saez, Francisco"]
[Result "0-1"]
[WhiteElo "2048"]
[BlackElo "2268"]
[PlyCount "78"]
[EventDate "2011.10.01"]
[EventRounds "7"]
[EventCountry "ESP"]

1. d4 Nf6 2. Bg5 Ne4 3. Bf4 g5 4. Be5 Rg8 5. Nd2 Nxd2 6. Qxd2 d6 7. Bg3 h5 8.
h4 g4 9. e3 Bh6 10. Bc4 Bf5 11. Ne2 Nd7 12. Bd3 Bxd3 13. Qxd3 c6 14. Qh7 Rg6
15. Qh8+ Nf8 16. Nf4 Qa5+ 17. c3 Qf5 18. O-O Bxf4 19. Bxf4 O-O-O 20. Bg3 Rf6
21. e4 Qg6 22. e5 Rf5 23. exd6 Ne6 24. Qxd8+ Kxd8 25. dxe7+ Kxe7 26. Rfe1 Kd7
27. Rad1 Nf4 28. Re4 Qf6 29. c4 Ng6 30. d5 c5 31. d6 Qxb2 32. Ree1 b6 33. a4
Rf6 34. a5 Re6 35. Rf1 f5 36. Rb1 Qe2 37. axb6 axb6 38. f3 gxf3 39. Rxf3 f4 0-1

[Event "Campeonato Individual Provincial Absolut"]
[Site "Trinquet de Manises (Manises -"]
[Date "2011.10.22"]
[Round "3"]
[White "Almenar Montaner, Vicente"]
[Black "Rodriguez Valencoso, Juan Carlo"]
[Result "1/2-1/2"]
[WhiteElo "2039"]
[BlackElo "2189"]
[PlyCount "66"]
[EventDate "2011.10.01"]
[EventRounds "7"]
[EventCountry "ESP"]

1. Nf3 g6 2. g3 Bg7 3. Bg2 d6 4. d4 Nf6 5. O-O O-O 6. c4 Bg4 7. Nbd2 Qc8 8. b3
c5 9. Bb2 Na6 10. e3 Rb8 11. Qe2 Re8 12. Qd3 Bh3 13. a3 Bxg2 14. Kxg2 Nd7 15.
Rfd1 Nc7 16. a4 b6 17. Qc2 Qb7 18. d5 Bxb2 19. Qxb2 a6 20. h4 h5 21. e4 b5 22.
axb5 axb5 23. Qc3 f6 24. Ra2 Ra8 25. Rda1 Rxa2 26. Rxa2 Ra8 27. Qa1 bxc4 28.
bxc4 Rxa2 29. Qxa2 Qa6 30. Qxa6 Nxa6 31. Ne1 Nb4 32. f4 Kf7 33. Kf3 Nb6 1/2-1/2

[Event "Campeonato Individual Provincial Absolut"]
[Site "Trinquet de Manises (Manises -"]
[Date "2011.10.22"]
[Round "3"]
[White "Rubio Tent, Francisco"]
[Black "Pavia Miralles, Jose Manuel"]
[Result "1/2-1/2"]
[WhiteElo "2037"]
[BlackElo "2166"]
[PlyCount "76"]
[EventDate "2011.10.01"]
[EventRounds "7"]
[EventCountry "ESP"]

1. e4 d6 2. d4 g6 3. Nc3 c6 4. f4 d5 5. e5 h5 6. Nf3 Nh6 7. Bd3 Bg4 8. Be3 e6
9. O-O Nd7 10. Na4 Qa5 11. b3 b5 12. Nb2 Ba3 13. Qb1 Nf5 14. Bxf5 Bxf5 15. Nd3
O-O 16. Bc1 Be7 17. Bd2 Qc7 18. a4 a5 19. Qe1 b4 20. Kh1 c5 21. Rc1 Rfc8 22. h3
Qb6 23. Be3 cxd4 24. Nxd4 Bxd3 25. cxd3 Rxc1 26. Qxc1 Bc5 27. Qb2 Qa6 28. Qd2
Rc8 29. Rc1 Kg7 30. Nb5 Bxe3 31. Qxe3 Rc6 32. Kh2 Nb8 33. Rxc6 Qxc6 34. Qa7 Qc1
35. Qxb8 Qxf4+ 36. Kg1 Qe3+ 37. Kh1 Qc1+ 38. Kh2 Qf4+ 1/2-1/2

[Event "Campeonato Individual Provincial Absolut"]
[Site "Trinquet de Manises (Manises -"]
[Date "2011.10.22"]
[Round "3"]
[White "Gonzalez Aguirre, Luis"]
[Black "Monmeneu Chulia, Vicente Juan"]
[Result "1/2-1/2"]
[WhiteElo "2150"]
[BlackElo "1953"]
[PlyCount "20"]
[EventDate "2011.10.01"]
[EventRounds "7"]
[EventCountry "ESP"]

1. e4 e6 2. d4 d5 3. Nd2 dxe4 4. Nxe4 Nd7 5. Nf3 Ngf6 6. Nxf6+ Nxf6 7. Bd3 Be7
8. O-O O-O 9. Qe2 b6 10. Bg5 Bb7 1/2-1/2

[Event "Campeonato Individual Provincial Absolut"]
[Site "Trinquet de Manises (Manises -"]
[Date "2011.10.22"]
[Round "3"]
[White "Navarro Mora, Jesualdo"]
[Black "Ballester Llagaria, Luis Eduard"]
[Result "1/2-1/2"]
[WhiteElo "2009"]
[BlackElo "2144"]
[PlyCount "64"]
[EventDate "2011.10.01"]
[EventRounds "7"]
[EventCountry "ESP"]

1. d4 d5 2. Nf3 Nf6 3. g3 Bg4 4. Bg2 c6 5. O-O Nbd7 6. Nbd2 e6 7. c4 Be7 8. b3
O-O 9. Bb2 Rc8 10. Ne5 Bf5 11. Re1 Qc7 12. Rc1 Rfd8 13. cxd5 exd5 14. Ndf3 h6
15. Nh4 Be6 16. Qc2 Bf8 17. f4 Nb6 18. f5 Bd7 19. Nhf3 Ne4 20. Nh4 Nf6 21. Nhf3
Be8 22. Nd2 Qb8 23. Nd3 Nbd7 24. e4 dxe4 25. Nxe4 Nxe4 26. Rxe4 Nf6 27. Re2 Nd5
28. Bh3 Rc7 29. Nc5 Re7 30. Rce1 Rxe2 31. Qxe2 Be7 32. Bg2 Bf6 {Irreproducible}
1/2-1/2

[Event "Campeonato Individual Provincial Absolut"]
[Site "Trinquet de Manises (Manises -"]
[Date "2011.10.22"]
[Round "3"]
[White "Picornell Morant, Juan Enrique"]
[Black "Cabero Feliciano, Guillermo"]
[Result "0-1"]
[WhiteElo "1962"]
[BlackElo "2113"]
[PlyCount "52"]
[EventDate "2011.10.01"]
[EventRounds "7"]
[EventCountry "ESP"]

1. e4 e5 2. Nf3 Nc6 3. Bb5 a6 4. Ba4 Nf6 5. O-O Nxe4 6. d4 b5 7. Bb3 d5 8. dxe5
Be6 9. Be3 Nc5 10. Nc3 Nxb3 11. cxb3 Qd7 12. Rc1 Be7 13. h3 Na5 14. Ne2 Nb7 15.
Nfd4 c5 16. Nxe6 fxe6 17. Nf4 O-O 18. Qg4 Rf5 19. Nh5 g6 20. Nf6+ Bxf6 21. exf6
d4 22. Bg5 h5 23. Qg3 Kf7 24. Rfe1 Qd6 25. Rxe6 Kxe6 26. Re1+ Kd5 0-1

[Event "Campeonato Individual Provincial Absolut"]
[Site "Trinquet de Manises (Manises -"]
[Date "2011.10.22"]
[Round "3"]
[White "Bixquert Jimenez, Francisco"]
[Black "Segarra Martinez, Axel"]
[Result "0-1"]
[WhiteElo "1935"]
[BlackElo "2109"]
[PlyCount "48"]
[EventDate "2011.10.01"]
[EventRounds "7"]
[EventCountry "ESP"]

1. d4 Nf6 2. Nf3 d5 3. e3 c5 4. c3 Nc6 5. Bd3 Bg4 6. Nbd2 e6 7. O-O Bd6 8. h3
Bh5 9. Qe2 O-O 10. b3 Re8 11. Bb2 cxd4 12. cxd4 Rc8 13. Rac1 Qa5 14. Bb1 Ba3
15. Bxa3 Qxa3 16. Rfe1 Nxd4 17. Qf1 Rxc1 18. Nxd4 Rxe1 19. Qxe1 Rc8 20. Ne2
Bxe2 21. Qxe2 Qb2 22. f3 Rc1+ 23. Kf2 Rxb1 24. Nxb1 Qxb1 0-1

[Event "Campeonato Individual Provincial Absolut"]
[Site "Trinquet de Manises (Manises -"]
[Date "2011.10.22"]
[Round "3"]
[White "Marco Francisco, Miriam"]
[Black "Martinez Ahrens, Francisco"]
[Result "0-1"]
[WhiteElo "1882"]
[BlackElo "2105"]
[PlyCount "76"]
[EventDate "2011.10.01"]
[EventRounds "7"]
[EventCountry "ESP"]

1. e4 e6 2. Qe2 Be7 3. g3 b6 4. Bg2 Bb7 5. Nf3 Nf6 6. d3 d5 7. e5 Nfd7 8. O-O
c5 9. h4 Nc6 10. Re1 Qc7 11. Nbd2 O-O-O 12. a4 h6 13. Nf1 Rdg8 14. h5 g6 15.
hxg6 Rxg6 16. Bf4 h5 17. c3 Qd8 18. b4 cxb4 19. cxb4 Bxb4 20. Rec1 Kb8 21. Ne3
Be7 22. Nxd5 exd5 23. e6+ Ka8 24. exd7 Qxd7 25. Ne5 Nxe5 26. Bxe5 Qe6 27. Qb2
f6 28. Bf4 a5 29. Re1 Qd7 30. Qxb6 Bd8 31. Qc5 Qc6 32. Qa3 h4 33. Rac1 Qd7 34.
Qc5 hxg3 35. fxg3 f5 36. Re5 Bb6 37. Rxd5 Bxd5 38. Bxd5+ Qxd5 0-1

[Event "Campeonato Individual Provincial Absolut"]
[Site "Trinquet de Manises (Manises -"]
[Date "2011.10.22"]
[Round "3"]
[White "Navarro Diaz, Carles"]
[Black "Nieves Cabanes, Javier"]
[Result "1/2-1/2"]
[WhiteElo "2100"]
[BlackElo "1925"]
[PlyCount "155"]
[EventDate "2011.10.01"]
[EventRounds "7"]
[EventCountry "ESP"]

1. d4 d5 2. c4 c6 3. Nf3 Nf6 4. Nc3 e6 5. Bg5 Be7 6. Qc2 O-O 7. O-O-O b5 8. c5
b4 9. Na4 Ne4 10. Bxe7 Qxe7 11. e3 Na6 12. Ne5 b3 13. axb3 Nb4 14. Qe2 f6 15.
Nf3 e5 16. Qe1 Rb8 17. Nc3 Qc7 18. Nd2 Qa5 19. Ndxe4 Qa1+ 20. Nb1 Na2+ 21. Kc2
Bf5 22. Na3 Bxe4+ 23. Bd3 Bxd3+ 24. Rxd3 Qxe1 25. Rxe1 Nb4+ 26. Kc3 Nxd3 27.
Kxd3 Rxb3+ 28. Kc2 Rfb8 29. Rb1 exd4 30. exd4 Kf7 31. Kc1 Rd3 32. Nc2 Re8 33.
Ra1 Re7 34. Ra6 Rc7 35. Ra4 Rb3 36. Nb4 a5 37. Nc2 Rb5 38. Kd2 Rxb2 39. Rxa5
Rbb7 40. Ra6 Ke6 41. g3 g5 42. Kc3 Rb1 43. Nb4 Kd7 44. Rb6 Re1 45. Na6 Rc8 46.
Nb8+ Ke8 47. Nxc6 Re6 48. Na7 Rxb6 49. Nxc8 Re6 50. Nb6 Re2 51. Nxd5 Rxf2 52.
Kc4 f5 53. Nf6+ Ke7 54. Nxh7 Rxh2 55. Nxg5 Rg2 56. d5 Rxg3 57. d6+ Kd7 58. Nh7
Kc6 59. Nf6 Rg6 60. d7 Kc7 61. Nh5 Kxd7 62. Kd5 Rg1 63. Ke5 Kc6 64. Kxf5 Kxc5
65. Nf4 Kd6 66. Nd3 Rd1 67. Nf4 Re1 68. Nd3 Re8 69. Nf4 Re5+ 70. Kf6 Ra5 71.
Ne6 Kd5 72. Nc7+ Ke4 73. Ke6 Rc5 74. Kd6 Rh5 75. Kc6 Kd4 76. Nb5+ Kc4 77. Nd6+
Kb4 78. Nb7 1/2-1/2

[Event "Campeonato Individual Provincial Absolut"]
[Site "Trinquet de Manises (Manises -"]
[Date "2011.10.22"]
[Round "3"]
[White "Martinez Villena, David"]
[Black "Jordan Arenas, Manuel"]
[Result "0-1"]
[WhiteElo "1968"]
[BlackElo "2166"]
[PlyCount "54"]
[EventDate "2011.10.01"]
[EventRounds "7"]
[EventCountry "ESP"]

1. e4 e5 2. f4 exf4 3. Nf3 d6 4. Bc4 h6 5. Nc3 g5 6. O-O Nc6 7. d4 Bg7 8. Re1
Nge7 9. b4 a6 10. Bb2 O-O 11. h3 Nxb4 12. d5 a5 13. a3 Na6 14. e5 Nc5 15. Ne4
Nxe4 16. Rxe4 Nf5 17. Qd3 Re8 18. exd6 Rxe4 19. dxc7 Qxc7 20. Qxe4 Nd6 21. Be5
Nxe4 22. Bxc7 Bxa1 23. Bb5 Nf6 24. d6 Bd7 25. Bd3 Nd5 26. Nd2 Nxc7 27. Nb3 Be5
0-1

[Event "Campeonato Individual Provincial Absolut"]
[Site "Trinquet de Manises (Manises -"]
[Date "2011.10.22"]
[Round "3"]
[White "Monton Queralt, Jose Angel"]
[Black "Mateu Pla, Sergio"]
[Result "0-1"]
[WhiteElo "2072"]
[BlackElo "1994"]
[PlyCount "118"]
[EventDate "2011.10.01"]
[EventRounds "7"]
[EventCountry "ESP"]

1. e4 c5 2. Nf3 d6 3. Nc3 Nf6 4. d4 cxd4 5. Nxd4 a6 6. Bc4 e6 7. Bb3 Nbd7 8.
Bg5 Nc5 9. O-O Be7 10. Qf3 O-O 11. Rad1 Qc7 12. Qe2 b5 13. a3 Nxb3 14. cxb3 Bd7
15. Qd3 Rfd8 16. Rd2 Be8 17. Rfd1 Qc5 18. Bh4 b4 19. axb4 Qxb4 20. Qg3 a5 21.
f4 d5 22. Bxf6 Bxf6 23. e5 Be7 24. f5 exf5 25. Nxf5 Bf8 26. Nxd5 Qc5+ 27. Kh1
Kh8 28. h3 Rab8 29. Qh4 h6 30. Qc4 Qa7 31. Rd3 Bb5 32. Qd4 Qd7 33. Nfe3 Bxd3
34. Rxd3 Rbc8 35. Qe4 Bc5 36. Nc4 Qa7 37. Qf5 Bf8 38. Ndb6 Rxd3 39. Qxd3 Re8
40. Qd5 Qc7 41. Qxa5 Rd8 42. Qe1 Re8 43. Qe2 Bc5 44. Na4 Bd4 45. b4 Bxe5 46.
Nxe5 Rxe5 47. Qf2 Rd5 48. Nc3 Re5 49. b5 Qe7 50. Kh2 Re6 51. Qg3 Qb7 52. Qf3
Qc7+ 53. Qg3 Qb6 54. Qf4 Re1 55. Qxf7 Qg1+ 56. Kg3 Re3+ 57. Kh4 Qe1+ 58. Kh5
Re5+ 59. Kg4 Rg5+ 0-1

[Event "Campeonato Individual Provincial Absolut"]
[Site "Trinquet de Manises (Manises -"]
[Date "2011.10.22"]
[Round "3"]
[White "Gimenez Menchon, Cesar"]
[Black "Gimenez Saiz, Jose Raul"]
[Result "0-1"]
[WhiteElo "2050"]
[BlackElo "1976"]
[PlyCount "82"]
[EventDate "2011.10.01"]
[EventRounds "7"]
[EventCountry "ESP"]

1. d4 Nf6 2. Nf3 e6 3. Bf4 Be7 4. Nbd2 O-O 5. e3 c5 6. Bd3 b6 7. c3 Ba6 8. Bxa6
Nxa6 9. Qe2 Nc7 10. e4 d6 11. h3 cxd4 12. cxd4 Rc8 13. O-O Qd7 14. a4 Rfd8 15.
Rfc1 b5 16. b3 bxa4 17. Rxa4 Qb5 18. Qc4 d5 19. Qc2 dxe4 20. Rc4 exf3 21. Nxf3
Ncd5 22. Rxc8 Nxf4 23. Kh2 Qe8 24. Ne5 Ng6 25. Qc7 Rxc8 26. Qxc8 Qxc8 27. Rxc8+
Bf8 28. Nc6 Ne4 29. Nxa7 f5 30. b4 Kf7 31. b5 Nd6 32. b6 Nxc8 33. Nxc8 Ne7 34.
b7 Nc6 35. Kg3 Ke8 36. Nb6 Bd6+ 37. Kf3 Nxd4+ 38. Ke3 Nc6 39. Kd3 Na5 40. Nc8
Nxb7 41. Kc4 Bc5 0-1

[Event "Campeonato Individual Provincial Absolut"]
[Site "Trinquet de Manises (Manises -"]
[Date "2011.10.22"]
[Round "3"]
[White "De La Calle Llopis, Juan"]
[Black "Redondo Flores, David"]
[Result "0-1"]
[WhiteElo "2025"]
[BlackElo "1956"]
[PlyCount "60"]
[EventDate "2011.10.01"]
[EventRounds "7"]
[EventCountry "ESP"]

1. Nf3 d6 2. d4 f5 3. c4 Nf6 4. Nc3 g6 5. g3 Bg7 6. Bg2 O-O 7. O-O Nc6 8. d5
Ne5 9. Nd2 g5 10. f4 gxf4 11. gxf4 Ng6 12. Nf3 Bd7 13. Qd3 c5 14. Bd2 Ne4 15.
e3 a6 16. a4 Rb8 17. a5 b5 18. axb6 Rxb6 19. Ra2 Qb8 20. Bc1 Rb3 21. Rxa6 Nxc3
22. bxc3 Rxc3 23. Qe2 Qb3 24. Ra7 Bc8 25. Ng5 Bf6 26. Qh5 Bxg5 27. Qxg5 Rxc1
28. Rxe7 Rxf1+ 29. Bxf1 Qd1 30. h3 Qe1 0-1

[Event "Campeonato Individual Provincial Absolut"]
[Site "Trinquet de Manises (Manises -"]
[Date "2011.11.05"]
[Round "4"]
[White "Castro Exposito, Cristobal"]
[Black "Silva Rodriguez, Fernando"]
[Result "0-1"]
[WhiteElo "2099"]
[BlackElo "2140"]
[PlyCount "196"]
[EventDate "2011.10.01"]
[EventRounds "7"]
[EventCountry "ESP"]

1. d4 Nf6 2. c4 e6 3. Nc3 Bb4 4. Qc2 O-O 5. e4 c5 6. a3 Bxc3+ 7. bxc3 Ne8 8.
Bd3 b6 9. Ne2 Nc6 10. O-O Ba6 11. Be3 Na5 12. e5 f5 13. exf6 Nxf6 14. dxc5 Bxc4
15. Bd4 Bxd3 16. Qxd3 Nb3 17. Rad1 Nxc5 18. Qe3 Rc8 19. Nf4 Qc7 20. Nd3 Nb3 21.
Bxf6 Rxf6 22. Ne5 d6 23. Ng4 Rg6 24. h3 e5 25. f4 exf4 26. Qxf4 h6 27. Qe4 Kh7
28. Kh1 Qc4 29. Qf5 Rc5 30. Qd7 Rc7 31. Qd8 Rf7 32. Rfe1 Qc7 33. Qa8 Re7 34.
Rf1 Qb7 35. Qd8 Re2 36. Rg1 Qe7 37. Qb8 Rxg4 38. Rxd6 Rf4 39. Rd8 Qe5 40. Rh8+
Kg6 41. Qxa7 Qe6 42. Rb8 Rf6 43. Rb7 Rf7 44. Rxf7 Qxf7 45. Qxb6+ Qe6 46. Qb5
Kh7 47. c4 Nd4 48. Qb1+ Qe4 49. Qxe4+ Rxe4 50. Rc1 Re3 51. Rd1 Ne2 52. Rd2 Ng3+
53. Kg1 Rxa3 54. Rd7 Rc3 55. Rc7 Ne4 56. Rc6 Nd2 57. Kf2 Rxc4 58. Ra6 Rc3 59.
Rb6 Ne4+ 60. Kg1 Nf6 61. Ra6 Kg6 62. Kf2 Rb3 63. Rc6 Ra3 64. Rb6 Kf7 65. Rb7+
Kf8 66. Rb8+ Kf7 67. Rb7+ Kg8 68. Rb8+ Kh7 69. Rb7 Rc3 70. Ra7 Rb3 71. Rc7 Ra3
72. Rb7 Rd3 73. Ra7 Rc3 74. Rb7 Kg6 75. Rb6 Rd3 76. Ra6 h5 77. Rb6 h4 78. Ra6
Kf5 79. Ra5+ Rd5 80. Ra4 Ne4+ 81. Kf3 Ng5+ 82. Ke3 Re5+ 83. Kf2 Ne4+ 84. Kf3 g5
85. Ra8 Nf6 86. Rb8 Ra5 87. Rb3 Rc5 88. Ra3 Ne4 89. Re3 Re5 90. Rd3 Ng3 91. Rd8
Re1 92. Rd5+ Kf6 93. Rd4 Rf1+ 94. Kg4 Nf5 95. Rd2 Ng7 96. Rd4 Rf2 97. g3 Nf5
98. Ra4 hxg3 0-1

[Event "Campeonato Individual Provincial Absolut"]
[Site "Trinquet de Manises (Manises -"]
[Date "2011.11.05"]
[Round "4"]
[White "Montoliu Cervero, Francisco"]
[Black "Paredes Facundo, Jose Carlos"]
[Result "1/2-1/2"]
[WhiteElo "2159"]
[BlackElo "1937"]
[PlyCount "82"]
[EventDate "2011.10.01"]
[EventRounds "7"]
[EventCountry "ESP"]

1. e4 c5 2. Nf3 g6 3. d4 cxd4 4. Nxd4 Nc6 5. c4 Nf6 6. Nc3 d6 7. f3 Bg7 8. Be3
O-O 9. Qd2 Nxd4 10. Bxd4 Be6 11. Rc1 Qa5 12. Be2 Rfc8 13. b3 a6 14. Qd3 Nd7 15.
Bxg7 Kxg7 16. O-O Qc5+ 17. Kh1 Ne5 18. Qd2 Nc6 19. Qb2 f6 20. Rfd1 Bf7 21. Bf1
Ne5 22. Qe2 h5 23. Qb2 Qb6 24. Rc2 g5 25. Nd5 Bxd5 26. exd5 Qe3 27. Re2 Qb6 28.
Qc2 Qd8 29. Qf5 Qe8 30. f4 gxf4 31. Qxf4 Qg6 32. Re3 Kf7 33. Rg3 Qh7 34. Be2
Rg8 35. Rh3 Rg5 36. Qh4 Rh8 37. Rf1 Qg6 38. Qf2 Rg8 39. Qh4 Rh8 40. Qf2 Rg8 41.
Qh4 Rh8 1/2-1/2

[Event "Campeonato Individual Provincial Absolut"]
[Site "Trinquet de Manises (Manises -"]
[Date "2011.11.05"]
[Round "4"]
[White "Ribes Peris, Alvaro"]
[Black "Villalba Izquierdo, Pere"]
[Result "1-0"]
[WhiteElo "2137"]
[BlackElo "2169"]
[PlyCount "53"]
[EventDate "2011.10.01"]
[EventRounds "7"]
[EventCountry "ESP"]

1. d4 d6 2. c4 e5 3. e3 c6 4. Nc3 Nf6 5. Bd3 Be7 6. Nge2 O-O 7. O-O Nbd7 8. h3
Re8 9. Ng3 Bf8 10. b3 a6 11. a4 d5 12. cxd5 cxd5 13. dxe5 Nxe5 14. Be2 Be6 15.
Bb2 Nc6 16. Na2 Bd6 17. Nh5 Nxh5 18. Bxh5 Qg5 19. Bg4 Rad8 20. Bxe6 Rxe6 21.
Qg4 Qh6 22. Rad1 Be5 23. Bxe5 Nxe5 24. Qg3 Rg6 25. Qxe5 Qxh3 26. Qh2 Qf5 27.
Rd4 1-0

[Event "Campeonato Individual Provincial Absolut"]
[Site "Trinquet de Manises (Manises -"]
[Date "2011.11.05"]
[Round "4"]
[White "Capella Gimenez, Jose M"]
[Black "Sanchez Saez, Francisco"]
[Result "0-1"]
[WhiteElo "2107"]
[BlackElo "2268"]
[PlyCount "54"]
[EventDate "2011.10.01"]
[EventRounds "7"]
[EventCountry "ESP"]

1. d4 Nf6 2. c4 c5 3. d5 b5 4. Nd2 d6 5. e4 b4 6. b3 g6 7. Bb2 Bg7 8. h3 O-O 9.
Ngf3 e5 10. g4 Qe7 11. Qc2 a5 12. a4 bxa3 13. Rxa3 Na6 14. Bc3 Nb4 15. Bxb4
cxb4 16. Ra2 Nd7 17. Bd3 Nc5 18. Nf1 f5 19. gxf5 Bxf5 20. Ng3 Bd7 21. Qd1 Rf4
22. Kf1 Raf8 23. Be2 Nxe4 24. Nxe4 Rxe4 25. Rxa5 Ref4 26. Rh2 e4 27. Ng1 Qh4
0-1

[Event "Campeonato Individual Provincial Absolut"]
[Site "Trinquet de Manises (Manises -"]
[Date "2011.11.05"]
[Round "4"]
[White "Cabero Feliciano, Guillermo"]
[Black "Martinez Lopez, Jaime"]
[Result "0-1"]
[WhiteElo "2113"]
[BlackElo "2105"]
[PlyCount "108"]
[EventDate "2011.10.01"]
[EventRounds "7"]
[EventCountry "ESP"]

1. Nf3 d6 2. d4 Bg4 3. c4 Bxf3 4. exf3 c6 5. b3 g6 6. Be3 Bg7 7. Qd2 Na6 8. Na3
Nc7 9. Rd1 d5 10. Nc2 Qd7 11. Be2 h5 12. Qb4 Rb8 13. Bf4 Nf6 14. Ne3 O-O 15.
Be5 Rfd8 16. O-O b6 17. Qa3 Ra8 18. Rc1 Ne6 19. Rfd1 Ne8 20. cxd5 cxd5 21. Bxg7
Kxg7 22. g3 Rdc8 23. Rxc8 Rxc8 24. f4 Nf6 25. f5 Ng5 26. Rc1 Rc7 27. Rxc7 Qxc7
28. fxg6 fxg6 29. h4 Nge4 30. Kg2 Kf7 31. Bd3 e6 32. Bxe4 Nxe4 33. Qa6 Kf6 34.
Qa3 Kf7 35. Qa6 Kg7 36. Qa3 a5 37. Qb2 Qc3 38. Qxc3 Nxc3 39. a3 Kf6 40. Kf3 Nb1
41. Ke2 Nxa3 42. Kd3 Nb5 43. f3 Nd6 44. Ng2 g5 45. hxg5+ Kxg5 46. Nf4 h4 47.
Nxe6+ Kf5 48. Ng7+ Kf6 49. Nh5+ Kg5 50. g4 h3 51. Ke3 b5 52. Ng3 a4 53. bxa4
bxa4 54. Kd3 Kf4 0-1

[Event "Campeonato Individual Provincial Absolut"]
[Site "Trinquet de Manises (Manises -"]
[Date "2011.11.05"]
[Round "4"]
[White "Calvo Galve, Nestor"]
[Black "Segarra Martinez, Axel"]
[Result "0-1"]
[WhiteElo "2055"]
[BlackElo "2109"]
[PlyCount "107"]
[EventDate "2011.10.01"]
[EventRounds "7"]
[EventCountry "ESP"]

1. e4 e6 2. d4 d5 3. Nc3 Bb4 4. e5 c5 5. a3 Bxc3+ 6. bxc3 Qa5 7. Bd2 Qa4 8. Qb1
c4 9. h4 h5 10. Be2 Nc6 11. Qd1 g6 12. Nh3 Bd7 13. Bg5 Nce7 14. Qd2 O-O-O 15.
O-O Rf8 16. Rfb1 f6 17. Rb4 Qc6 18. Be3 Nf5 19. g3 Nxe3 20. Qxe3 Ne7 21. Rab1
Nf5 22. Qc1 b6 23. a4 fxe5 24. dxe5 Qc7 25. Qf4 Ne7 26. Qe3 Nc6 27. f4 Nxb4 28.
Rxb4 Qc5 29. Kf2 Kc7 30. Ng5 Rhg8 31. Bf1 Rg7 32. Bh3 Re7 33. Ke2 Rfe8 34. Kd2
Qxe3+ 35. Kxe3 a5 36. Rb2 Bxa4 37. Kd4 Bd7 38. Ra2 Ra8 39. Ra1 Ra6 40. Ra2 b5
41. Kc5 Re8 42. Nf7 Rc6+ 43. Kd4 Ra8 44. Ra1 Rb6 45. Kc5 b4 46. cxb4 Rxb4 47.
Ng5 Rb5+ 48. Kd4 Ra6 49. Kc3 a4 50. Ra3 Rb1 51. Nf3 Kc6 52. Kd2 Kc5 53. c3 Rb2+
54. Ke3 0-1